Kežmarský komplex prelomený

Bibliographic Details
Main Authors: (M.M.) (Author), (D.B.) (Author), (J.V.) (Author), (J.B.) (Author), (P.D.) (Author)
Format: Article
Language:Slovak
Subjects:

MARC

LEADER 00000nab a2200000 a 4500
001 vtls001025419
003 SK-MaSNL
005 20260303214528.0
008 040720e19980521xo 0 slo
035 |a SL3975 
040 |a SLLK  |b slo  |c SLLK  |e AACR2 
041 0 |a slo 
044 |a xo  |c SK 
080 |a 796.332  |2 1981 
100 0 |a (M.M.)  |4 aut  |9 848629 
245 1 0 |a Kežmarský komplex prelomený 
650 0 7 |a futbal  |2 SLLK  |9 3291 
650 0 7 |a muži  |2 SLLK  |9 4888 
650 0 7 |a dorastenci  |2 SLLK  |9 632865 
650 0 7 |a žiaci  |2 SLLK  |9 16621 
650 0 7 |a zápasy ligové  |2 SLLK  |9 1022925 
650 0 7 |a časť jarná  |2 SLLK  |9 1017064 
650 0 7 |a výsledky  |2 SLLK  |9 493505 
655 7 |a periodikum  |2 snkbucl  |9 29553 
700 0 0 |a (D.B.)  |4 aut  |9 1023174 
700 0 0 |a (J.V.)  |4 aut  |9 988043 
700 0 0 |a (J.B.)  |4 aut  |9 1001812 
700 0 0 |a (P.D.)  |4 aut  |9 872708 
773 0 8 |t Ľubovnianske noviny  |g Roč. 24, č.19, 21.5.1998, s. 4 
852 |a ZVYKNI  |b KIS3GCP 
999 |c 2217461  |d 2219391